Miasta w Liechtensteinie - Statystyki

Ogólne statystyki
  • Ten quiz został rozwiązany 46 razy
  • Średni wynik to 4 z 11
Statystyki odpowiedzi
L.p. Region Populacja Miasto % Poprawnych
2 Oberland 5668 Vaduz
100%
1 Oberland 5998 Schaan
53%
4 Oberland 4628 Balzers
33%
5 Unterland 4459 Eschen
33%
3 Oberland 5230 Triesen
31%
6 Unterland 4404 Mauren
22%
7 Oberland 2643 Triesenberg
22%
11 Oberland 478 Planken
19%
8 Unterland 2295 Ruggell
19%
9 Unterland 1663 Gamprin
17%
10 Unterland 1091 Schellenberg
14%
Nie znaleziono quizów pasujących do podanych kryteriów
Rozkład punktacji
Procent ludzi z każdym wynikiem
Percentyl według liczby udzielonych odpowiedzi
Twoja historia wyników
Nie rozwiązałeś tego quizu